000 00277nam a2200109Ia 4500
008 190216s9999||||xx |||||||||||||| ||und||
100 _aSreedhara Menon.A
245 0 _aCultural Heritage Of Kerala An Introduction
260 _bEast-West Press
650 _aHistory
942 _cBK
999 _c19528
_d19528